Which One Is That? II Quiz Stats

 Plays Quiz Updated Nov 8, 2017

Also try: Which One Is That?
Challenge
Share
Tweet
Score 0/30 Timer 07:00
1 Play Today
% Correct
Mister Fantastic is 4
93.3%
Gene Simmons is 3
87.9%
Hooch is 3
84.8%
Art Garfunkel is 1
81.8%
Timon is 3
81%
Penn is 1
79.3%
Agent K is 1
79.2%
Freddie Mercury is 4
79.1%
Silent Bob is 1
77.4%
Bashful is 4
76.4%
Cindy Brady is 6
72.4%
Michael Schumacher is 2
70.7%
Fox Mulder is 1
70.1%
Egon is 1
69.1%
Elwood is 2
65.7%
% Correct
Miranda is 3
63.7%
Kyle is 2
60.7%
Agnetha is 2
59.6%
Noel Gallagher is 2
59.1%
Sir Edmund Hillary is 1
53.7%
Francis Crick is 2
53.6%
Laa-Laa is 3
51%
Harpo is 4
49%
Michael Palin is 3
42.9%
Robin Gibb is 1
41.5%
Trevor is 1
34.5%
Jill Munroe is 1
28.3%
Huey is 3
27.7%
Catherine of Aragon is 3
20.4%
Niels Bohr is 8
13.2%

You're not logged in!

Compare scores with friends on all Sporcle quizzes.
Join for Free
OR
Log In

You Might Also Like...

Show Comments

Extras

Top Quizzes Today


Score Distribution

Your Account Isn't Verified!

In order to create a playlist on Sporcle, you need to verify the email address you used during registration. Go to your Sporcle Settings to finish the process.

Report this User

Report this user for behavior that violates our Community Guidelines.

Details: